000
00305nam a22001337a 4500
008
170527b xxu||||| |||| 00| 0 eng d
020
_a
9780309063630
041
_a
eng
080
_a
62
100
_a
27
101
_a
IM
245
_a
ADVISER, TEACHER, ROLE MODEL, FRIEND
_c
MCCRAY, L.E
942
_2
udc
_c
BK
999
_c
14626
_d
14626